Statistics for the world's largest banks in 2015

Click here to take the quiz!

General Stats

  • This quiz has been taken 46 times
  • The average score is 11 of 25

Answer Stats

HintAnswer% Correct
UKHSBC Holdings
85%
USAJPMorgan Chase
85%
ChinaBank Of China
78%
SpainBanco Santander
73%
USABank Of America
73%
USAWells Fargo
73%
USACitigroup
68%
SwitzerlandUBS
68%
ChinaIndustrial and Commercial Bank Of China
63%
JapanMitsubishi UFJ Financial
59%
CanadaRoyal Bank Of Canada
56%
ChinaChina Construction Bank
39%
AustraliaCommonwealth Bank
39%
ChinaAgricultural Bank OF China
37%
CanadaTD Bank Group
37%
AustraliaNational Australia Bank
34%
AustraliaANZ
29%
AustraliaWestpac Banking Group
27%
ChinaBank of Communications
22%
ChinaIndustrial Bank
17%
JapanSumitomo Mitsui Financial
17%
BrazilItaú Unibanco Holdings
10%
ChinaChina Merchants Bank
5%
ChinaChina MinSheng Banking
5%
BrazilBanco Bradesco
2%

Score Distribution

Percentile by Number Answered

Percent of People with Each Score

Your Score History

You have not taken this quiz